Developments in structural form (Record no. 9808)

000 -LEADER
fixed length control field 00363nam a2200145Ia 4500
003 - CONTROL NUMBER IDENTIFIER
control field OSt
005 - DATE AND TIME OF LATEST TRANSACTION
control field 20220303173636.0
008 - FIXED-LENGTH DATA ELEMENTS--GENERAL INFORMATION
fixed length control field 220112s9999||||xx |||||||||||||| ||und||
020 ## - INTERNATIONAL STANDARD BOOK NUMBER
International Standard Book Number 9780750654517
082 ## - DEWEY DECIMAL CLASSIFICATION NUMBER
Classification number 721
Item number MAN
100 ## - MAIN ENTRY--PERSONAL NAME
Personal name Mainstone, R. J. (Rowland J.), 1923-
245 #0 - TITLE STATEMENT
Title Developments in structural form
260 ## - PUBLICATION, DISTRIBUTION, ETC. (IMPRINT)
Name of publisher, distributor, etc Architectural Press
942 ## - ADDED ENTRY ELEMENTS (KOHA)
Source of classification or shelving scheme
Holdings
Withdrawn status Lost status Source of classification or shelving scheme Damaged status Koha normalized classification for sorting Not for loan Permanent location Current location Date acquired Source of acquisition Cost, normal purchase price Full call number Barcode Date last seen Cost, replacement price Price effective from Koha item type
        721_000000000000000_MAN   BMS College of Architecture, Design and Planning BMS College of Architecture, Design and Planning 2022-03-03 4 4541.98 721 MAN AR-UG2391 2022-03-03 6055.97 2022-03-03 UG Books
Copyright © 2025, The Librarian, Library and Information Centre, BMSCA D&P, Bengaluru. All Rights Reserved
web counter

Powered by Koha